00610 2200205 4500001002100000005001700021008004100038035002400079082001100103090001800114100002000132245014300152260002600295300001900321500001100340650002000351850001200371985000600383999001500389YOGYA-0209000005977720090227034714.0 ind  0010-020900000059777 a796.34 a796.34bMea H aMEAD, Shepheard aHow to succed in tennis without really tnyingbThe easy tennismanship way to do all the things no tennis pro ean Teach youcShepherd ilead aNew Yorkb(s.n)c1977 a185 hlmc18 cm aIndeks aOlahraga Tennis aYOPDYOG a1 aP000007478